Ready or not: (Record no. 12645)

000 -LEADER
fixed length control field 00696nam a2200205 a 4500
001 - CONTROL NUMBER
control field :::00010454$&:&@@
003 - CONTROL NUMBER IDENTIFIER
control field OkBaRHE
005 - DATE AND TIME OF LATEST TRANSACTION
control field 20000607103359.0
008 - FIXED-LENGTH DATA ELEMENTS--GENERAL INFORMATION
fixed length control field s1980 j 000 0 eng u
040 ## - CATALOGING SOURCE
Transcribing agency
100 1# - MAIN ENTRY--PERSONAL NAME
Personal name Hicks, Roy and Hicks, Margaret.
245 10 - TITLE STATEMENT
Title Ready or not:
Remainder of title here comes trouble.
260 ## - PUBLICATION, DISTRIBUTION, ETC. (IMPRINT)
Place of publication, distribution, etc Tulsa, OK., :
Name of publisher, distributor, etc Harrison House
Date of publication, distribution, etc c1980
300 ## - PHYSICAL DESCRIPTION
Extent 94 p. ;
Dimensions 20 cm.
650 ## - SUBJECT ADDED ENTRY--TOPICAL TERM
Topical term or geographic name as entry element Christian Life
700 ## - ADDED ENTRY--PERSONAL NAME
Personal name Hicks, Margaret, Joint author.
942 ## - ADDED ENTRY ELEMENTS (KOHA)
Source of classification or shelving scheme
Koha item type Books
Copies
Permanent Location Barcode Price effective from Withdrawn status Damaged status Not for loan Koha item type Copy number Source of classification or shelving scheme Date acquired Lost status Full call number Current Location Date last seen Shelving location
RHEMA Bible Training College104542010-04-14   Books1 2010-04-14Long Overdue (Lost)BV 4501 .H5RHEMA Bible Training College2012-02-10General Stacks
RHEMA Bible Training College165412010-04-14   Books2 2010-04-14 BV 4501 .H5RHEMA Bible Training College2010-04-14General Stacks